000 00875nam a2200229Ii 4500
003 JO-AjNU
008 230605s9999||||xx |||||||||||||| ||und||
017 _a2008/6/1828
020 _a978-9957-16-049-4
040 _aJO-AjNU
_bara
_erda
_cJO-AjNU
041 _aara
050 1 4 _aKMM89.75.U22.2016
100 3 _a العبيدي ، علي هادي ,
_eauthor
_912258
245 0 0 _aالعقود المسماة البيع والإيجار وقانون المالكين والمستاجرين وفق آخر التعديلات مع التطبيقات القضائية لمحكمة التمييز
250 _aط10
264 3 1 _aعمان : دار الثقافة ، 2016
300 _a376ص
336 _atext
_btxt
_2rdacontent
337 _aunmediated
_bn
_2rdamedia
338 _avolume
_bnc
_2rdacarrier
650 4 _aعقود الاستئجار -- التأجير
_912259
999 _aA2746
_c6314
_d6314